00479nam a2200145 a 450000100100000000500170001000800410002702000180006804000250008608200150011111000430012624500740016926000550024330000350029800004467920201002045540.0141216s2011 dr ab 000 0 spa d a9789945879247 aDO-SdBNPbspacBNPHU axxxxbxxxx1 aRepública DominicanabPoder Judicial10aGuía de uso Jurismap :bmapa virtual del Poder Judicial Dominicano. aSanto Domingo :bPoder Judicial Dominicano,c2011. a23 cm. :bil., mapas ;c14 cm.